000 00859nam a2200265 a 4500
001 000018770
005 20250520113501.0
008 100518s1990 fr r 000 0 spa d
020 _a2855664608
040 _aDO-SdBNP
_bspa
_cBNPHU
082 _a153.42
_bA946p, 1990
100 1 _aAïvanhov, Omraam Mikhaël,
_d1900-1986
_940493
240 1 0 _aPuissances de la pensée
_lfrances
240 1 0 _aPuissances de la pensée
_lEspañol
245 1 0 _aPoderes del pensamiento /
_cOmraam Mikhaël Aïvanhov.
250 _a2a ed.
260 _aBarcelona :
_bProsveta,
_c1990.
300 _a224 [16] p. ;
_c18 cm.
490 0 _aIzvor
_v224
500 _aIncluye datos biograficos del autor.
534 _aTítulo original
_tPuissances de la pensée
650 0 _aPensamiento
_922995
650 4 _aRazonamiento (psicología)
_940494
830 0 _aIzvor ;
_v224
_940495
999 _c18290
_d18290